Reklama na tabákové výrobky, alkohol aj.

Pôsobenie zákona o regulácii reklamy v Českej republike. Reklama na tabakové výrobky a alkohol. Reklama na potraviny a potravinové doplnky. Komodity špeciálne upravené v zákone o regulácii reklamy. Zákonné normy vzťahujúce sa na reklamu tabakových výrobkov, alkoholu a potravín.

Guardado en:
Detalles Bibliográficos
Autor principal: Šebelová, Marie
Formato: Capítulo de libro
Lenguaje:checo
Materias:
Etiquetas: Agregar Etiqueta
Sin Etiquetas, Sea el primero en etiquetar este registro!

MARC

LEADER 00000naa$a2200000$$$4500
001 0031960
005 20231016104501.5
041 0 |a cze 
044 |a CZ 
245 1 0 |a Reklama na tabákové výrobky, alkohol aj.  |c Marie Šebelová 
520 |a Pôsobenie zákona o regulácii reklamy v Českej republike. Reklama na tabakové výrobky a alkohol. Reklama na potraviny a potravinové doplnky. Komodity špeciálne upravené v zákone o regulácii reklamy. Zákonné normy vzťahujúce sa na reklamu tabakových výrobkov, alkoholu a potravín. 
610 2 0 |a reklama 
610 2 0 |a podpora predaja 
610 2 0 |a komunikácia 
610 2 0 |a informácie 
610 2 0 |a spotrebitelia 
610 2 0 |a ochrana spotrebiteľa 
610 2 0 |a tabak 
610 2 0 |a potraviny 
610 2 0 |a legislatíva 
610 2 0 |a Česko 
100 1 |a Šebelová, Marie